000 00745nam a2200205Ia 4500
003 GCL
008 140319s9999 xx 000 0 ara d
040 _aGCL /
_cGCL
082 0 4 _a330.9
_bم م
100 1 _aمركز دراسات الوحدة العربية
245 1 0 _aمشكلة التضخم فى الاقتصاد العربى: الجذور والمسببات والابعاد والسياسات /
_cمركز دراسات الوحدة العربية
700 1 _aمحمود عبدالفضيل
260 _a[S.N] :
_bمركز دراسات الوحدة العربية ،
_c1982
300 _a132 ص
490 _a
650 0 4 _aالعالم العربى
650 0 4 _aالاقتصاد
650 0 4 _aالتضخم
942 _2ddc
_cBK
999 _c35488
_d35488